Horský hotel

Gespeichert in:
Bibliographische Detailangaben
1. Verfasser: Gelačák, Stanislav (Verfasst von)
Weitere Verfasser: Držka, Milan (Betreuung Doktorarbeit)
Format: Manuskript Buch
Sprache:Slowakisch
Veröffentlicht: 2016
Schlagworte:
Online-Zugang:http://is.stuba.sk/zp/portal_zp.pl?podrobnosti=109326
https://opac.crzp.sk/?fn=detailBiblioForm&sid=41728D440EB1EF629111138922FE
Tags: Tag hinzufügen
Keine Tags, Fügen Sie das erste Tag hinzu!

MARC

LEADER 00000ntm a22000003a 4500
001 stuzp57108
003 SK-STU
005 20230825131904.8
007 ta
008 150427s2015----xo-----f-mn---000-0-slo-d
040 |a STU  |b slo 
041 0 |a slo 
100 1 |a Gelačák, Stanislav  |u 010180  |4 aut  |U SvF Stavebná fakulta  |T SvF Katedra konštrukcií pozemných stavieb  |X 63575  |U V180  |Y 18  |7 63575 
242 0 1 |a Mountain hotel  |y eng 
245 1 0 |a Horský hotel 
260 |c 2016 
650 4 |a horský hotel  |2 slo 
650 4 |a projekt na realizáciu  |2 slo 
650 4 |a typológia  |2 slo 
650 4 |a project for building realization  |2 eng 
650 4 |a typology  |2 eng 
650 4 |a mountain hotel  |2 eng 
700 1 |a Držka, Milan  |u 010180  |k Z1  |4 ths  |U SvF Stavebná fakulta  |T SvF Katedra konštrukcií pozemných stavieb  |X 975  |U V180  |Y 18  |7 A000000975 
856 4 |u http://is.stuba.sk/zp/portal_zp.pl?podrobnosti=109326 
856 4 |u https://opac.crzp.sk/?fn=detailBiblioForm&sid=41728D440EB1EF629111138922FE 
SQL |a stuzp57108  |b DDP  |c SLO  |d Horský hotel  |e 63575  |f Gelačák, Stanislav  |g 010180  |h 975  |i Držka, Milan  |j 20160615  |k 8  |l 01  |m http://is.stuba.sk/zp/portal_zp.pl?podrobnosti=109326  |n I-AKP  |o 5.1.4. pozemné stavby